Dutch Political Parties - Statistics

General Stats
  • This quiz has been taken 90 times
    40 since last reset
  • The average score is 15 of 18
Answer Stats
Ideology Position Seats Answer % Correct
Social Democracy Centre left 38 Labour Party
97%
Populism Right wing to far right 29 Party for Freedom
97%
Conservative liberalism Centre right 35 People's Party
97%
Christian Democracy Centre right 27 Christian Democratic Appeal
95%
Agrarianism Right wing 18 Farmer-Citizen Movement
92%
Pensioners Interests Centre 3 50 Plus
90%
Animal Welfare Left wing 4 Party for the Animals
90%
Populism Right wing to far right 11 Right Answer 2021
90%
Social Liberalism Centre 36 Democrats 66
87%
(in coalition with above), Ecology Centre left 4 Green Left
87%
Christian Right Right wing 6 Reformed Political Party
87%
Democratic Socialism Left wing 6 Socialist Party
87%
European Federalism Centre 5 Volt Netherlands
87%
Minority Interests Centre left 3 DENK
85%
National Conservatism Far right 10 Forum for Democracy
85%
Christian Democracy Centre 6 Christian Union
82%
Christian Democracy Centre right 1 New Social Contract
54%
Regionalism 1 Independent Politics
3%
No matching quizzes found
Score Distribution
Percent of People with Each Score
Percentile by Number Answered
Your Score History
You have not taken this quiz since the last reset